000 00498ntaaa2200193 4500
003 01
005 20251027203304.0
008 0714s1973 ag 01
020 _a0884691772
040 _aAR-BaBN
_bspa
_cAR-BaBN
_eaacr
_dRIC
082 _a222.12 D29
245 _aMoses and the Gods of Egypt :
_bStudies in Exodus /
_cDavis John J.
250 _a2° ed.
260 _aIndiana :
_bBMH Books,
_c1986
650 _aEXODO
_910942
650 _aMOISES
700 _aDavis John J.
_935919
942 _cBK
999 _c28377
_d28377